| 000 | 00833nam a22001577a 4500 | ||
|---|---|---|---|
| 003 | OSt | ||
| 005 | 20151006102904.0 | ||
| 008 | 151006b xxu||||| |||| 00| 0 eng d | ||
| 040 | _cRUA | ||
| 082 | _aAVM MAO 2005 B075 Or.1 | ||
| 100 |
_92123 _aMAO, CHANVONG. |
||
| 245 | _aUtilization of broken rice as concentrate on growth rate of hybrid broiler at the animal expermental station of royal university of agriculture (ការប្រើប្រាស់ចុងអង្ករជាចំណីផ្សំលើការលូតលាស់ពូជមាន់កូនកាត់នៅស្ថានីយ៏ពិសោធន៏សត្វនៃសាកលវិទ្យាល័យភូមិន្ទកសិកម្ម) | ||
| 260 |
_aPhnom Penh _bRUA _c2005 |
||
| 300 |
_aix, 48p. _bill. _c29cm. |
||
| 942 |
_2ddc _cAVM |
||
| 999 |
_c1998 _d1998 |
||